00763nam a2200205 a 450000500170000000800410001702000180005805000240007610000230010024500680012326000400019130000170023144000430024852000890029165000220038065000130040265000200041599900190043595201030045420140412111226.0001118s19uu xx 00 eng d a0-89565-316-8 aTR(GS 513bM74 1985 aMoncure, Jane Belk aMy five book /cJane Belk Moncure ; illustrated by Linda Hohag. aElgin, Ill :bChild's World,c1985. a32 p. ; ill. aMy number book--My first steps to math aLittle Five introduces concept of "five" by interacting with five variety of things. aFive (The Number) aCounting aNumber counting c102056d102056 001040aELbELcTRd2000-11-18l0oTR(GS 513 M74 1985pE0378r2014-04-12 00:00:00w2014-04-12yBK